000 00737nam a2200205Ii 4500
003 JO-AjNU
008 230605s9999||||xx |||||||||||||| ||und||
040 _aJO-AjNU
_bara
_erda
_cJO-AjNU
041 _aara
050 1 4 _aPJ 7745 .J3 .A6 2009
100 3 _aتأليف الجاحظ, أبي عثمان عمرو بن بحر,
_eauthor
_926546
245 0 0 _aالبيان و التبيين
250 _aط1
264 3 1 _aبيروت،لبنان: دار أحياء التراث، 2009
300 _aج1(3-4)، 192ص
336 _atext
_btxt
_2rdacontent
337 _aunmediated
_bn
_2rdamedia
338 _avolume
_bnc
_2rdacarrier
650 4 _aاللغة العربية -- بلاغة -- الأدب العربي -- مجموعات
_926547
999 _aA10071
_c13639
_d13639